Statistics for Eurovision Test #5

Click here to take the quiz!

General Stats

  • This quiz has been taken 32 times
  • The average score is 7 of 15

Answer Stats

QuestionAnswer% Correct
Which country changed their name in 2019North Macedonia
100%
In 2023, Austria sent a song talking about which writer?Edgar Allen Poe
97%
In 1993, one of the debuttent countries was at war. What was the country?Bosnia & Herzegovina
76%
Which of these countries didn't have their best result in their debut?Russia
66%
Complete this funny voting moment from 1998 Conny Vandenbos: "That my heart goes the all the singers in the contest, because I know what they feel" Ulrikka Jonsson: "I know, you of course have taken part, so, you must be feeling your nerves" Conny Vandenbos: " If you wanna know..." Ulrikka Jonsson...A long time ago, was it?
62%
"A Million Voices" by Polina Gagarina was the first runner-up to...Reach more than 300 pts.
62%
In 1973, Portugal sent a song that critcized the Salazar's dictatorship using the metaphor of a...Bullfight
52%
Which of this previous competing artists placed last more than one time?Anne-Karine Strøm
38%
Which of these statements about the 1964 contest, held in Copenhagen, Denmark, is false?Gigliola Cinquetti gave the second victory to Italy
38%
Which of these years Katie Boyle didn't host?1972
31%
Which country placed 2nd the two times Johnny Logan won for IrelandGermany
31%
Who was the first LGBT+ winner?André Claveau
21%
What was the first winner to pass away?Grethe Ingmann
21%
Which country sent the first acappella song?Latvia
21%
Which winner has the highest percentage of maximum points scored?Tu te recconaîtras
17%

Score Distribution

Percentile by Number Answered

Percent of People with Each Score

Your Score History

You have not taken this quiz